000 00542nam a2200181Ia 4500
008 210719s2020 xx 000 0 und d
020 _a978-9-402-42000-5
041 _aeng
082 _a658.56 CHEJ
100 _aCHENG (T C E);PODOLSKY (S);JARVIS (P)
245 _aJust in time manufacturing: an introduction Ed 2
260 _aLondon
_bChapman & Hall
_c2020
300 _axv,249
_bHB
365 _b1495
_cRs
650 _aManagement
650 _aProduction Management
906 _a2 ; Ed ; introduction ; Just ; manufacturing: ; time
999 _c211946
_d211946